Sports Quiz

Random Sports Quiz
Score 0/66 Timer 08:00
0 Plays Today
Wins Name % Correct
15Janusz Wietrzybalkon
80%
16Riku Pikka-Antalainen
72.5%
12Frank Matt
72.5%
10Joe Matt
72.5%
14Timo Vistansen
70%
4Adam Bykmaszer
70%
2Janne Ahonen
70%
3Ivan Rodolfo Correia Matador
68.8%
6Mikołaj Jarosław
67.5%
2Voytiech Becker
67.5%
9Lasse Kalissen
65%
7Jaka Debilak
65%
3Najeb Ali
65%
1Jérôme Hélverour
65%
3Zdiskas Mlynarskevicius
65%
1Miro Zografski
62.5%
8Philipe Vogt
60%
7Johan Remen Evensen
60%
4Suilim Saminorej
60%
3Irok Denotantor-Kormoran
60%
3Vytautas Bibis
60%
1Svenson Kutafson
60%
7Noriaki Kasai
57.5%
2Žiga Nakota
57.5%
1Jack Schlu
57.5%
3Magazin Tomaromanov
57.5%
12Tomi Putansaau
55%
10Adolf Stalinzberg
55%
1Greg Ammann
55%
1Jens Kästel
55%
6Per Egil Kameltoffsen
52.5%
3Kaymo Ortensen
52.5%
2Kobe Kobi
52.5%
Wins Name % Correct
10Jansen Butansu
50%
3Martin Jesten-Mnichen
50%
1Juho Kutanen
50%
5Anders Hurtado Beisvaag
47.5%
3Vimo Vikko-Lekanstauen
47.5%
2Kiwa Kawasaki
47.5%
1Kaarel Nurmsalu
47.5%
6Sebastian Calirando
45%
1Jan Hartman
45%
1Hing Hengvrij
45%
11Jarko Kimshaesenen
42.5%
2Maciej Ibisz
42.5%
9Matjaz Kalzberg
40%
9Jaroslav Oleksík
40%
2Hiro Bumotaki
40%
1Boundewin Reizgiggervini
40%
1Adamus Mikolayskevicius
37.5%
6Jörg Klinsten
35%
1Pierino Crisshetti
35%
1Tuomas Yiesonen
35%
2Mads Nattergal
32.5%
1Bastjan Shorjara
32.5%
1Georg Späth
32.5%
4Stefan Horengestern
30%
3Martin Laryan
30%
1Boštjan Planichzny
30%
6Joakim Brenden
27.5%
6Jermo Radčan
27.5%
4Klaus Rummunige
27.5%
2Kazahiro Takahora
27.5%
1Andriy Pohylsky
27.5%
2Evan Barcvan
25%
2Sami Meenealle
25%
Remove Ads.
Support Sporcle.
Get the best of Sporcle when you Go Orange. This ad-free experience offers more features, more stats, and more fun while also helping to support Sporcle. Thank you for becoming a member.

You're not logged in!

Compare scores with friends on all Sporcle quizzes.
OR
Log In

Show Comments

Extras

Top Quizzes Today


Score Distribution

Your Account Isn't Verified!

In order to create a playlist on Sporcle, you need to verify the email address you used during registration. Go to your Sporcle Settings to finish the process.

Report this User

Report this user for behavior that violates our Community Guidelines.

Details: